000 00257nam a2200109Ia 4500
008 170627s9999 xx 000 0 und d
100 _aPETTIT LESIKAR
245 0 _aBUSINESS COMMUNICATIONS
260 _bAITBS
260 _c2006
546 _aENGLISH
690 _aBUSINESS COMMUNICATIONS
999 _c35287
_d35287